Countries of the EuroLeague Winners - Statistics

General Stats
  • This quiz has been taken 22 times
  • The average score is 11 of 13
Answer Stats
Number of titles Country % Correct
1 France
100%
14 Spain
100%
10 Greece
95%
13 Italy
95%
4 Turkey
89%
1 Lithuania
84%
5 Croatia
79%
6 Israel
79%
8 Russia
79%
1 Serbia
79%
3 Latvia
68%
1 Bosnia and Herzegovina
58%
1 Georgia
53%
No matching quizzes found
Score Distribution
Percent of People with Each Score
Percentile by Number Answered
Your Score History
You have not taken this quiz